000 00354nam a2200145 i 4500
001 bg
100 1 _aKotarbiński, Tadeusz
_d(1886-1981).
245 0 _aMedytacje o życiu godziwym /
_cT. Kotarbiński.
250 _aWyd.5.
260 _aWarszawa,
_c1986.
040 _cBPK
041 _apol
942 _cKS
008 s pl f |000 0 pol
999 _c23112
_d23112
856 _uhttp://koha.tu.koszalin.pl/cgi-bin/koha/opac-detail.pl?biblionumber=23112
_yKatalog online BPK